Регионална библиотека "Любен Каравелов" - Русе

Страници от историята на Древен Китай (Запис номер 131559)

MARC детайли
000 -Лидер
Контролно поле с фиксирана дължина 01647nam a2200385 c 4500
003 - Код на организацията, давaща контролен номер
Контролно поле BLK
005 - Дата и час на последна редакция
Контролно поле 20231030114925.0
008 - Елементи от данни с фиксирана дължина
fixed length control field 180409b bul|||||r ||||||| ||bul||
010 ## - Наследен системен номер
LC control number KNG00137382000
020 ## - Международен стандартен номер на книга ISBN
Международен стандартен номер на книга ISBN 978-954-641-047-4
-- издат.: Пергамент прес
040 ## - Източник на каталожния запис
Идентификатор на билиотеката - собственик на записа BLK
041 ## - Код за език
Код за езика на текст/звукозапис или на отделно заглавие Български
Код за езика КДБФ Български
080 ## - УДК
Текстов определител УДК История на Древен Китай
УДК код - определител по УДК 931.5
УДК определител (02.062)
УДК - код + определител 931.5(02.062)
139 ## - Редно поле
Редна дума Страници от историята на Древен Китай
Авторски знак Стр - С 84
245 10 - Сведения за заглавието
Заглавие Страници от историята на Древен Китай
Подзаглавни данни 2500 г. пр. н. е. - 1500 г. сл. н. е. : Из хрониките на Поднебесната империя
Редно поле (дума) състав. и прев. Станимир Ботев Йотов.
257 ## - Страна на издаване
Страна на създаване/издаване Китай
260 ## - Област на издателските данни
-- София
Име на издателя, разпространителя и проч. Пергамент прес
Година на издаване 2011
Печатница София : Симолини
300 ## - Физическа характеристика
Страници 240 с.
Размери/Мащаб 20 см
380 ## - Жанр
Жанр История
500 ## - Общи забележки
Забележка Съдържа и Династии и периоди в историята на Китай. - Доп. тир. 2012.
650 #4 - Допълнително описание по предмет – тема
Основно описание – тема или топоним Древен Китай
9 (RLIN) 269644
650 #4 - Допълнително описание по предмет – тема
Основно описание – тема или топоним Китай - история
9 (RLIN) 242271
651 #4 - Допълнително описание по предмет - топоним
Географско понятие Китай
9 (RLIN) 242505
653 ## - Ключова дума – ненормативна
Ключова дума Древен Китай
653 ## - Ключова дума – ненормативна
Ключова дума история
653 ## - Ключова дума – ненормативна
Ключова дума династии
653 ## - Ключова дума – ненормативна
Ключова дума владетели
700 1# - Други автори (авторска отговорност)
Лично име Йотов, Станимир Ботев
9 (RLIN) 373004
852 ## - Местоположение
Форматна сигнатура Цб 257484
856 4# - Електронен адрес и достъп
Електронен формат pdf - файл
Път до файла /url/
856 4# - Електронен адрес и достъп
Електронен формат pdf - файл
Път до файла /url/
942 ## - АРТИКУЛИ
Вид на библиотечния материал Книги
Скрит в OPAC Не
Koha issues (borrowed), all copies 8
944 ## - СЪЗДАВАНЕ И РЕДАКЦИЯ на ЗАПИСА
Създаване/Редакция Създаване
Дата на регистрацията/редакция 15.12.2012
Статус, дата на статуса Галина Якимова
Служител, извършил регистрацията/редакцията 30564
944 ## - СЪЗДАВАНЕ И РЕДАКЦИЯ на ЗАПИСА
Създаване/Редакция Редакция
Дата на регистрацията/редакция 27.06.2017
Статус, дата на статуса ф /
Служител, извършил регистрацията/редакцията Людмила_Стоянова
999 ## - СИСТЕМНИ КОНТРОЛНИ НОМЕРА
Koha biblionumber 131559
Koha biblioitemnumber 131559
Наличности
Код за отписване Код за изгубен артикул Източник на класификационната схема Код за повреда Коз за рестрикции Код за отдаване Артикулен № Име на библиотеката - собственик Име на библиотеката, в която се намира в момента Статус (Текущо местоположение) Дата на вписване в системата Местоположение - отдел Цена в лева Инвентарен номер Систематично азбучна сигнатура Баркод Номер на екземпляра Цена в евро Служебна бележка Служебен тип на артикула
  Не е изгубен Universal Decimal Classification Не е повреден без рестрикции заемане за дома 214654 Регионална библиотека "Любен Каравелов" Русе Регионална библиотека "Любен Каравелов" Русе Дубликат 2012-12-16 Заемна - подръчен фонд 9.99 120000762500 П 94(3)/С 84 120000762500 1 5.11 Дост: Pk Вид: Ф N: 336 Дата: 10.12.2012 Дата инв: 13.02.2018 Бележки инв: П2018 Книги
  Не е изгубен Universal Decimal Classification Не е повреден без рестрикции заемане за дома 214655 Регионална библиотека "Любен Каравелов" Русе Регионална библиотека "Любен Каравелов" Русе Заемна - подръчен фонд 2012-12-16 Заемна - подръчен фонд 9.99 120000762501 П 94(3)/С 84 120000762501 2 5.11 Дост: Pk Вид: Ф N: 336 Дата: 10.12.2012 Дата инв: 06.02.2018 Бележки инв: П2018 Книги
  Не е изгубен   Не е повреден без рестрикции ползва се в читалня 214656 Регионална библиотека "Любен Каравелов" Русе Регионална библиотека "Любен Каравелов" Русе Хранилище 2015-06-06 Хранилище 9.99 120000788695 Цб 257484 120000788695 3 5.11 Дост: Dp Вид: Д N: 50 Дата: 26.11.2014 Книги
  Не е изгубен Universal Decimal Classification Не е повреден без рестрикции заемане за дома 214657 Регионална библиотека "Любен Каравелов" Русе Регионална библиотека "Любен Каравелов" Русе Заемна - подръчен фонд 2016-12-21 Заемна - подръчен фонд 5.00 120000806846 П 94(3)/С 84 120000806846 4 2.56 Дост: Pk Вид: Ф N: 475 Дата: 19.12.2016 Дата инв: 06.02.2018 Бележки инв: П2018 Книги
  Не е изгубен Universal Decimal Classification Не е повреден без рестрикции заемане за дома 214658 Регионална библиотека "Любен Каравелов" Русе Регионална библиотека "Любен Каравелов" Русе Заемна - подръчен фонд 2016-12-21 Заемна - подръчен фонд 5.00 120000806847 П 94(3)/С 84 120000806847 5 2.56 Дост: Pk Вид: Ф N: 475 Дата: 19.12.2016 Дата инв: 06.02.2018 Бележки инв: П2018 Книги
  Не е изгубен Universal Decimal Classification Не е повреден без рестрикции заемане за дома 214659 Регионална библиотека "Любен Каравелов" Русе Регионална библиотека "Любен Каравелов" Русе Заемна - подръчен фонд 2017-05-26 Заемна - подръчен фонд 5.00 120000811583 П 94(3)/С 84 120000811583 6 2.56 Дост: Pk Вид: Ф N: 490 Дата: 26.05.2017 Дата инв: 06.02.2018 Бележки инв: П2018 Книги
Vip Innovations Ltd, Rousse, Bulgaria 2025